Richelieu / (Record no. 31313)

MARC details
000 -LEADER
campo de control de longitud fija 00690nam a2200205 i 4500
001 - NÚMERO DE CONTROL
campo de control 31313
003 - IDENTIFICADOR DE NÚMERO DE CONTROL
campo de control ES-MaACL
005 - FECHA Y HORA DE LA ÚLTIMA TRANSACCIÓN
campo de control 20250808070306.0
007 - CAMPO FIJO DE DESCRIPCIÓN FÍSICA--INFORMACIÓN GENERAL
campo de control de longitud fija t|
008 - DATOS DE LONGITUD FIJA--INFORMACIÓN GENERAL
campo de control de longitud fija 030128s1932 fr ||||1| fre d
100 1# - ENTRADA PRINCIPAL--NOMBRE DE PERSONA
Nombre de persona Saint-Aulaire, Auguste-Felix-Charles de Beaupoil,
Títulos y otros términos asociados al nombre comte de,
Fechas asociadas al nombre 1866-1954
9 (RLIN) 101514
245 10 - MENCIÓN DEL TÍTULO
Título Richelieu /
Mención de responsabilidad, etc. Comte de Saint-Aulaire Auguste Felix Charles de Beaupoil.
260 ## - PUBLICACIÓN, DISTRIBUCIÓN, ETC.
Lugar de publicación, distribución, etc. París :
Nombre del editor, distribuidor, etc. Dunod,
Fecha de publicación, distribución, etc. 1932 (
Fabricante Didot)
300 ## - DESCRIPCIÓN FÍSICA
Extensión 210 p. ;
Dimensiones 19 cm.
490 1# - MENCIÓN DE SERIE
Mención de serie Les Constructeurs
600 14 - PUNTO DE ACCESO ADICIONAL DE MATERIA--NOMBRE DE PERSONA
Nombre de persona Richelieu, Armand Jean du Plessis,
Títulos y otros términos asociados al nombre duc de,
Fechas asociadas al nombre 1585-1642
9 (RLIN) 96947
830 0# - PUNTO DE ACCESO ADICIONAL DE SERIE-TÍTULO UNIFORME
Título uniforme Les Constructeurs
9 (RLIN) 181439
852 ## - LOCALIZACIÓN
Ubicación ES-MaACL
Número de control de estantería A-970
Holdings
Estatus retirado Estado de pérdida Estado de daño No para préstamo Biblioteca de origen Biblioteca actual Ubicación en estantería Fecha de adquisición Fuente de adquisición Total de préstamos Signatura topográfica completa Código de barras Visto por última vez Precio de reemplazo Tipo de ítem Koha
        Biblioteca del Ateneo de Madrid Biblioteca del Ateneo de Madrid Sala Pecera Planta 1 17/01/2008     A-970 1032356 23/02/2023 23/02/2023 Libro impreso